LIBRARY & INFORMATION CENTRE, KCAET, TAVANUR

ONLINE PUBLIC ACCESS CATALOGUE (OPAC)

Fruit vegetable and nut products, Vol 3 / (Record no. 9171)

MARC details
000 -LEADER
fixed length control field 00513cam a2200181ua 4500
003 - CONTROL NUMBER IDENTIFIER
control field OSt
008 - FIXED-LENGTH DATA ELEMENTS--GENERAL INFORMATION
fixed length control field 180809b ||||| |||| 00| 0 eng d
020 ## - INTERNATIONAL STANDARD BOOK NUMBER
ISBN 0-87055-202-3
082 ## - DEWEY DECIMAL CLASSIFICATION NUMBER
Classification number 664.8
Item number TRE/FR
100 ## - MAIN ENTRY--AUTHOR NAME
Personal name Tressler, Donald K .
245 ## - TITLE STATEMENT
Title Fruit vegetable and nut products, Vol 3 /
250 ## - EDITION STATEMENT
Edition statement 1 /
260 ## - PUBLICATION, DISTRIBUTION, ETC. (IMPRINT)
Place of publication Connecticut :
Name of publisher A.V.I Publishing company ,
Year of publication 1976.
300 ## - PHYSICAL DESCRIPTION
Number of Pages 278 ; .
490 ## - SERIES STATEMENT
Series statement AVI food products formulary series
700 1# - ADDED ENTRY--PERSONAL NAME
Personal name Woodiroof, Jasperguy .
942 ## - ADDED ENTRY ELEMENTS (KOHA)
Koha item type Books
Holdings
Withdrawn status Lost status Damaged status Home library Current library Date acquired Full call number Accession Number Koha item type
      KAUAET KAUAET 07/04/2012 664.8 18099 Books
      KAUAET KAUAET 07/04/2012 664.8 19377 Books
free website counter